History Quiz

Random History Quiz

Royal coats of arms of junior british royals Quiz Stats

Quiz not verified by Sporcle

Challenge
Share
Tweet
Score 0/9 Timer 05:00
0 Plays Today
Number Person % Correct
1Zara Phillips
80.5%
6Peter Phillips
73.2%
7Prince Richard, Duke of Gloucester
65.9%
9Prince Edward, Duke of Kent
65.9%
5Princess Alexandra, The Honourable Lady Ogilvy
58.5%
4Princess Michael of Kent
53.7%
2Prince Michael of Kent
51.2%
8Katharine, Duchess of Kent
51.2%
3Birgitte, Duchess of Gloucester
43.9%

You're not logged in!

Compare scores with friends on all Sporcle quizzes.
Sign Up with Email
OR
Log In

You Might Also Like...

Show Comments

Extras

Top Quizzes Today


Score Distribution

Your Account Isn't Verified!

In order to create a playlist on Sporcle, you need to verify the email address you used during registration. Go to your Sporcle Settings to finish the process.

Report this User

Report this user for behavior that violates our Community Guidelines.

Details: